000 00404nam a22001577a 4500
999 _c532161
_d532161
003 NUST
005 20191111141718.0
008 191111b ||||| |||| 00| 0 eng d
038 _aMSOHAIL
082 _a920.02
100 _aIntizar Hussain
_99473
245 _aJustuju Kya Hai? / جستجو کیا ہے؟
260 _aLahore
_bSang-e-Meel Publications
_cc2011
300 _ap;296
942 _2ddc
_cBK